<?xml version="1.0" encoding="UTF-8"?><?xml-stylesheet type="text/xsl" href="static/style.xsl"?><OAI-PMH xmlns="http://www.openarchives.org/OAI/2.0/" xmlns:xsi="http://www.w3.org/2001/XMLSchema-instance" xsi:schemaLocation="http://www.openarchives.org/OAI/2.0/ http://www.openarchives.org/OAI/2.0/OAI-PMH.xsd"><responseDate>2026-04-26T21:56:48Z</responseDate><request verb="GetRecord" identifier="oai:uvadoc.uva.es:10324/2677" metadataPrefix="marc">https://uvadoc.uva.es/oai/request</request><GetRecord><record><header><identifier>oai:uvadoc.uva.es:10324/2677</identifier><datestamp>2024-12-13T10:09:26Z</datestamp><setSpec>com_10324_30605</setSpec><setSpec>com_10324_894</setSpec><setSpec>col_10324_41</setSpec></header><metadata><record xmlns="http://www.loc.gov/MARC21/slim" xmlns:doc="http://www.lyncode.com/xoai" xmlns:xsi="http://www.w3.org/2001/XMLSchema-instance" xmlns:dcterms="http://purl.org/dc/terms/" xsi:schemaLocation="http://www.loc.gov/MARC21/slim http://www.loc.gov/standards/marcxml/schema/MARC21slim.xsd">
<leader>00925njm 22002777a 4500</leader>
<datafield tag="042" ind1=" " ind2=" ">
<subfield code="a">dc</subfield>
</datafield>
<datafield tag="720" ind1=" " ind2=" ">
<subfield code="a">Sainz Esteban, Aurora</subfield>
<subfield code="e">author</subfield>
</datafield>
<datafield tag="260" ind1=" " ind2=" ">
<subfield code="c">2012</subfield>
</datafield>
<datafield tag="520" ind1=" " ind2=" ">
<subfield code="a">Objetivo: Comparar el SPECT/CT con 111In-pentetreótida con la gammagrafía convencional (GC) en el estudio de los tumores neuroendocrinos (TNE). Material y Métodos: Se incluyeron 94 pacientes (107 estudios) con alta sospecha clínica o TNE conocido. Se realizaron imágenes de cuerpo completo a las 4 y 24h de la administración del radiotrazador y SPECT/CT cervicotorácico y/o abdominopélvico. Cada foco se caracterizó según su localización y probabilidad de corresponder con un TNE. Contribuyeron al diagnóstico definitivo los datos anatomopatológicos, pruebas de imagen y seguimiento clínico-analítico. Resultados: Se estudiaron 193 focos (33 benignos o fisiológicos y 112 TNE). El SPECT/CT mejoró la localización de 100 focos y clasificó correctamente 28 focos indeterminados de la GC. El SPECT/CT mostró unos valores de sensibilidad, especificidad, VVP y VVN superiores a los de la GC. Conclusiones: El SPECT/CT muestra un elevado rendimiento diagnóstico y mejora la agudeza diagnóstica gracias a la mejor localización de los focos</subfield>
</datafield>
<datafield tag="024" ind2=" " ind1="8">
<subfield code="a">http://uvadoc.uva.es/handle/10324/2677</subfield>
</datafield>
<datafield tag="024" ind2=" " ind1="8">
<subfield code="a">b1651788</subfield>
</datafield>
<datafield tag="024" ind2=" " ind1="8">
<subfield code="a">10.35376/10324/2677</subfield>
</datafield>
<datafield ind1=" " ind2=" " tag="653">
<subfield code="a">Neuroendocrinología-Tumores</subfield>
</datafield>
<datafield ind1=" " ind2=" " tag="653">
<subfield code="a">Medicina nuclear</subfield>
</datafield>
<datafield tag="245" ind1="0" ind2="0">
<subfield code="a">Aportación del spect/ct a la gammagrafía convencional con in-111 pentetreótida en el diagnóstico de los tumores neuroendocrinos</subfield>
</datafield>
</record></metadata></record></GetRecord></OAI-PMH>